[Event "Open"]
[Site "Santo Domingo DOM"]
[Date "2006.11.03"]
[Round "6"]
[White "Quezada,Y"]
[Black "Ehlvest,J"]
[Result "0-1"]
[WhiteElo "2515"]
[BlackElo "2597"]

1.e4 c5 2.Nf3 e6 3.d4 cxd4 4.Nxd4 a6 5.Nc3 Qc7 6.Bd3 Nf6 7.O-O Bc5 8.Nb3 Be7
9.f4 d6 10.Kh1 Nbd7 11.a4 b6 12.Qf3 Bb7 13.Bd2 O-O 14.Qh3 Rfe8 15.Rae1 e5
16.Re2 Rad8 17.Nd5 Nxd5 18.exd5 Nf8 19.c4 Bf6 20.fxe5 Bxe5 21.Ref2 f6 22.a5 Rb8
23.axb6 Qxb6 24.Na5 Bd4 25.Rf3 Qxb2 26.Bf4 Qb4 27.Nb3 Be5 28.Bxe5 dxe5 29.Qh4 Bxd5
30.Rg3 g6 31.cxd5 Qg4 32.Rxg4 Rxb3 33.Bxa6 Rb6 34.Bc4 Kg7 35.h3 Ra8 36.Rg3 Rc8
37.Be2 Rc2 38.Re3 Rcb2 39.Bf3 Nd7 40.Rc3 Rb1 41.Rxb1 Rxb1+ 42.Kh2 Kf7 43.Kg3 f5
44.Rc6 Rb6 45.Rc8 Rb3 46.Kf2 Rb2+ 47.Ke3 Rb3+ 48.Kd2 Rb6 49.Be2 Rc6 50.dxc6 Nf6
51.Bb5 Nd5  0-1

[Event "Open"]
[Site "Santo Domingo DOM"]
[Date "2006.11.05"]
[Round "8"]
[White "Nogueiras,J"]
[Black "Ehlvest,J"]
[Result "1/2-1/2"]
[WhiteElo "2554"]
[BlackElo "2597"]

1.Nf3 Nf6 2.c4 e6 3.g3 d5 4.d4 Bb4+ 5.Bd2 Be7 6.Bg2 O-O 7.O-O c6 8.Bf4 b6
9.Nc3 Bb7 10.b3 Na6  1/2-1/2

[Event "90th ch-Marshall CC"]
[Site "New York USA"]
[Date "2006.12.01"]
[Round "1"]
[White "Ehlvest,J"]
[Black "Sloan Aravena,P"]
[Result "1-0"]
[WhiteElo "2597"]
[BlackElo "2250"]

1.d4 e6 2.Nf3 f5 3.g3 Nf6 4.Bg2 d5 5.O-O c6 6.b3 Nbd7 7.c4 Bd6 8.Ba3 Qe7
9.Bxd6 Qxd6 10.Qc2 O-O 11.Nbd2 g6 12.Rac1 Re8 13.Rfd1 Nf8 14.Ne5 N6d7 15.Nd3 Qe7
16.b4 a6 17.a4 g5 18.b5 axb5 19.axb5 Ng6 20.Ra1 Rxa1 21.Rxa1 Qf6 22.Qb2 f4
23.bxc6 bxc6 24.Ra7 Qf5 25.Qb4 Nf6 26.Qd6 Ne4 27.Nxe4 dxe4 28.Qxc6 Rf8 29.Bxe4 Qf6
30.Qc7 Qh8 31.Ne5 fxg3 32.hxg3 g4 33.Nxg4  1-0

[Event "90th ch-Marshall CC"]
[Site "New York USA"]
[Date "2006.12.02"]
[Round "3"]
[White "Ehlvest,J"]
[Black "Ivanov,AV USA"]
[Result "1/2-1/2"]
[WhiteElo "2597"]
[BlackElo "2587"]

1.Nf3 Nf6 2.c4 b6 3.d4 e6 4.g3 Ba6 5.b3 Bb4+ 6.Bd2 Be7 7.Bg2 O-O 8.O-O c6
9.Qc2 d5 10.Rd1 Nbd7 11.Bf4 h6 12.Nc3 Rc8 13.e4 dxc4 14.Nd2 b5 15.bxc4 bxc4
16.Na4 c5 17.d5 exd5 18.exd5 Nh5 19.Be3 Bf6 20.Nc3 Bd4 21.Nde4 Bxe3 22.fxe3 Rb8
23.Qa4 Rb6 24.Rab1 Bc8 25.d6 Nhf6 26.Qxc4 Nxe4 27.Nxe4 Bb7 28.Rxb6 axb6 29.Nc3 Bxg2
30.Kxg2 Qa8+ 31.e4 Qc6 32.Qd5  1/2-1/2

[Event "90th ch-Marshall CC"]
[Site "New York USA"]
[Date "2006.12.09"]
[Round "6"]
[White "Izoria,Z"]
[Black "Ehlvest,J"]
[Result "1/2-1/2"]
[WhiteElo "2657"]
[BlackElo "2597"]

1.e4 c5 2.Nf3 e6 3.d4 cxd4 4.Nxd4 Nf6 5.Nc3 d6 6.g4 h6 7.h3 a6 8.Bg2 Bd7
9.f4 Nc6 10.Be3 Rc8 11.Qe2 b5 12.Nxc6 Bxc6 13.a3 Qa5 14.Qf2 Qc7 15.O-O Bb7
16.Bd4 h5 17.Bxf6 gxf6 18.f5 e5  1/2-1/2

[Event "90th ch-Marshall CC"]
[Site "New York USA"]
[Date "2006.12.09"]
[Round "6"]
[White "Izoria,Z"]
[Black "Ehlvest,J"]
[Result "1/2-1/2"]
[WhiteElo "2657"]
[BlackElo "2597"]

1.e4 c5 2.Nf3 d6 3.d4 cxd4 4.Nxd4 Nf6 5.Nc3 e6 6.g4 h6 7.h3 a6 8.Bg2 Bd7
9.f4 Nc6 10.Be3 Rc8 11.Qe2 b5 12.Nxc6 Bxc6 13.a3 Qa5 14.Qf2 Qc7 15.O-O Qb7
16.Bd4 h5 17.Bxf6 gxf6 18.f5 e5  1/2-1/2

[Event "90th ch-Marshall CC"]
[Site "New York USA"]
[Date "2006.12.10"]
[Round "8"]
[White "Almeida Saenz,A"]
[Black "Ehlvest,J"]
[Result "1/2-1/2"]
[WhiteElo "2409"]
[BlackElo "2597"]

1.d4 g6 2.Nf3 Bg7 3.g3 c5 4.c3 Qa5 5.Nbd2 cxd4 6.Nb3 Qa4 7.cxd4 Nf6 8.Bg2 O-O
9.O-O d6 10.Bg5 h6 11.Bxf6 Bxf6 12.Qd2 Kg7 13.Qa5 Qd7 14.Rac1 Nc6 15.Qc3 Qd8
16.e4 Kg8 17.Qd2 Bg7 18.d5 Nb8 19.Rfe1 Bg4 20.Na5 Bxf3 21.Bxf3  1/2-1/2

[Event "90th ch-Marshall CC"]
[Site "New York USA"]
[Date "2006.12.10"]
[Round "9"]
[White "Ehlvest,J"]
[Black "Bonin,J"]
[Result "1-0"]
[WhiteElo "2597"]
[BlackElo "2310"]

1.e4 Nc6 2.Nc3 Nd4 3.Nf3 Nxf3+ 4.Qxf3 c5 5.Bc4 e6 6.d3 a6 7.Be3 b5 8.Bb3 Bb7
9.a4 c4 10.dxc4 b4 11.Ne2 Qh4 12.Nf4 Nf6 13.O-O-O Nxe4 14.Rhe1 Nc5 15.Nd5 Rc8
16.Kb1 Be7 17.g3 Qh3 18.Bxc5 Bxc5 19.Nf6+ gxf6 20.Qxb7 O-O 21.Rxd7 e5 22.Red1 Qe6
23.a5 e4 24.R1d2 f5 25.Ba4 Qf6 26.Qd5 Be7 27.Qd4 Qe6 28.Qd5 Qf6 29.g4 Rc5
30.Qb7 Re5 31.R2d5 Rd8 32.g5 Qxg5 33.Rxe5 Rxd7 34.Qxd7  1-0

[Event "XIX Carlos Torre Mem KO"]
[Site "Merida MEX"]
[Date "2006.12.19"]
[Round "2.1"]
[White "Ehlvest,J"]
[Black "Leon Hoyos,M"]
[Result "1/2-1/2"]
[WhiteElo "2597"]
[BlackElo "2437"]

1.d4 Nf6 2.Nf3 g6 3.c4 Bg7 4.Nc3 O-O 5.e4 d6 6.Be2 c5 7.O-O cxd4 8.Nxd4 Nc6
9.Nc2 Nd7 10.Bd2 a5 11.Be3 a4 12.Qd2 Nc5 13.f3 Qa5 14.Rac1 f5 15.exf5 Bxf5
16.Na3 Ne5 17.Rcd1 Rf7 18.Bd4 Rc8 19.h3 Be6 20.f4 Nc6 21.Bxg7 Kxg7 22.Kh2 Rcf8
23.Nc2 Bf5 24.Ne3 Ne4 25.Nxe4 Bxe4 26.Qxa5 Nxa5 27.Rd4 Bf5 28.g4 Nc6 29.Rd2 Be4
30.Kg3 Nd8 31.Bd3 Bxd3 32.Rxd3 Ne6 33.Nd5 Nc5 34.Re3 e6 35.Nc3 g5 36.Ref3 gxf4+
37.Rxf4 Rxf4 38.Rxf4 Rxf4 39.Kxf4 Nd3+ 40.Ke3 Nxb2 41.Kd4 Kf6 42.a3 Ke7 43.h4 h6
44.g5 hxg5 45.hxg5 Kf7 46.Nb5 d5 47.Nd6+ Kg6 48.cxd5 exd5 49.Nxb7 Nc4 50.Nc5 Nxa3
51.Nxa4 Kxg5 52.Kxd5  1/2-1/2

[Event "XIX Carlos Torre Mem KO"]
[Site "Merida MEX"]
[Date "2006.12.19"]
[Round "2.2"]
[White "Leon Hoyos,M"]
[Black "Ehlvest,J"]
[Result "0-1"]
[WhiteElo "2437"]
[BlackElo "2597"]

1.e4 e5 2.Nf3 Nc6 3.Bc4 Bc5 4.d3 Nf6 5.c3 a6 6.Nbd2 O-O 7.O-O d6 8.a4 Ba7
9.Re1 Ng4 10.Re2 Kh8 11.h3 Nh6 12.Nf1 f5 13.Bg5 Qd7 14.Bxh6 gxh6 15.Ne3 fxe4
16.dxe4 Qg7 17.Kh2 Ne7 18.Re1 Qf6 19.Nd2 Qh4 20.Rf1 Rxf2 21.Rxf2 Qxf2 22.Nd5 Nxd5
23.Bxd5 Bd7 24.Nf3 Be3 25.b4 Rb8 26.Kh1 Qg3 27.Qe1 Bf4 28.Qxg3 Bxg3 29.Kg1 Kg7
30.Kf1 Kf6 31.Ke2 Ke7 32.Bb3 Rf8 33.Bd5 c6 34.Bb3 Be8 35.Rf1 Bg6 36.Bc2 Rf4
37.Nd2 Rxf1 38.Kxf1 Bf4 39.Nb3 Kd7 40.Ke2 Bh5+ 41.Kd3 b6 42.Bb1 Bf7 43.Ba2 Kc7
44.c4 Bg6 45.Na1 b5 46.axb5 axb5 47.c5 d5 48.Ke2 Bxe4 49.g4 Bc1 50.Bb3 Bb2
51.Nc2 Bc3 52.Ke3 Bxc2 53.Bxc2 e4  0-1

[Event "33rd Annual Eastern Open"]
[Site "Washington DC USA"]
[Date "2006.12.29"]
[Round "6"]
[White "Ehlvest,J"]
[Black "Caruana,F"]
[Result "1/2-1/2"]
[WhiteElo "2597"]
[BlackElo "2474"]

1.Nf3 Nf6 2.c4 Nc6 3.d4 e6 4.a3 d6 5.Nc3 g6 6.g3 Bg7 7.Bg2 O-O 8.O-O Re8
9.e3 a6 10.b4 Rb8 11.Bb2 b5 12.Nd2 Bb7 13.cxb5 axb5 14.Nb3 Na7 15.e4 Nd7
16.Na5 Ba8 17.d5 Ne5 18.f4 Nd7 19.Rc1 Qe7 20.Re1 c5 21.dxc6 Nxc6 22.Nd5 exd5
23.Nxc6 Bxc6 24.Bxg7 Kxg7 25.Rxc6 Nf6 26.Qd4 Kg8 27.e5 Rbd8 28.h3 Qd7 29.Rcc1 Ne4
30.Kh2 dxe5 31.fxe5 Qf5 32.Rcd1 Rc8 33.Rf1 Qxe5 34.Qxd5 Qxg3+ 35.Kg1 Ng5
36.Kh1 Re3 37.Qd7 Rf8 38.Qg4 Qxg4 39.hxg4 Rxa3 40.Rd5 h6 41.Rxb5 Re8 42.Rf2 Rg3
43.Rb2 Rxg4 44.Ra5 Rh4+ 45.Kg1 Nh3+ 46.Bxh3 Rxh3 47.b5 Re1+ 48.Kg2 Reh1  1/2-1/2

[Event "9th Open"]
[Site "Foxwoods USA"]
[Date "2007.04.04"]
[Round "1"]
[White "Ehlvest,J"]
[Black "Fleischman,E"]
[Result "1-0"]
[WhiteElo "2640"]
[BlackElo "2092"]

1.d4 Nf6 2.Nf3 g6 3.c4 c5 4.g3 Bg7 5.Bg2 O-O 6.O-O d6 7.dxc5 dxc5 8.Ne5 Nfd7
9.Nd3 Nc6 10.Bxc6 bxc6 11.Qc2 Ne5 12.Nxe5 Bxe5 13.Bh6 Re8 14.Nd2 Qd4 15.Rab1 Qg4
16.Nf3 Bf6 17.Rbd1 Bf5 18.Qc1 Qh5 19.Be3 Bg4 20.b3 e5 21.Kh1 e4 22.Ng1 Bxe2
23.Nxe2 Qxe2 24.Bxc5 Qf3+ 25.Kg1 Rad8 26.Qc2 h5 27.Rxd8 Rxd8 28.Re1 Rd3 29.Qe2 Bc3
30.Qxf3 exf3 31.Re8+ Kh7 32.h4 Bd4 33.Bxd4 Rxd4 34.Re3 Rd1+ 35.Kh2 Rd2 36.Rxf3 Rxa2
37.Rxf7+ Kg8 38.Rf3 Kg7 39.Kg2 a5 40.Rd3 Ra3 41.Re3 Kf6 42.Kf3 Kf5 43.Ke2 c5
44.Rd3 Ke6 45.f4 a4 46.bxa4 Rxa4 47.Re3+ Kd6 48.Re4 Ra3 49.Kf2 Rc3 50.Re5 Rc2+
51.Kf3 Rc3+ 52.Kg2 Rc2+ 53.Kh3 Rxc4 54.Rg5 Rc2 55.Rxg6+ Kd5 56.Rg5+ Ke4 57.f5 c4
58.Rxh5 Rf2 59.Kg4 c3 60.Rh8  1-0

[Event "9th Open"]
[Site "Foxwoods USA"]
[Date "2007.04.08"]
[Round "8"]
[White "Ehlvest,J"]
[Black "Ibragimov,I"]
[Result "0-1"]
[WhiteElo "2640"]
[BlackElo "2602"]

1.d4 Nf6 2.c4 e6 3.Nf3 b6 4.g3 Ba6 5.b3 Bb7 6.Bg2 Bb4+ 7.Bd2 a5 8.O-O O-O
9.Nc3 d6 10.Qc2 Nbd7 11.Rfd1 Qb8 12.d5 Bxc3 13.Bxc3 exd5 14.cxd5 Bxd5 15.Rxd5 Nxd5
16.Ng5 N5f6 17.Bc6 h6 18.Bxd7 hxg5 19.Bc6 Ra7 20.Qf5 Nh7 21.Bd5 Qd8 22.Qg6 Nf6
23.Qxg5 c6 24.Bf3 d5 25.Rd1 Rd7 26.Rd4 Ne4 27.Qh5 Re8 28.Bxe4 dxe4 29.Rxd7 Qxd7
30.Qg5 f5 31.h4 e3 32.f3 f4 33.Kg2 fxg3 34.h5 Re6 35.Qg4 Rd6 36.Qg5 Qf7 37.Be5 Rh6
38.Qd8+ Kh7 39.Qd3+ Kg8 40.Qd8+ Qf8 41.Qxb6 Rxh5 42.Qxe3 Qe7 43.f4 Qh4  0-1

[Event "9th Open"]
[Site "Dubai UAE"]
[Date "2007.04.22"]
[Round "1"]
[White "Ehlvest,J"]
[Black "Narayanan,Sr"]
[Result "1-0"]
[WhiteElo "2640"]
[BlackElo "2280"]

1.d4 Nf6 2.Nf3 c5 3.d5 b5 4.Bg5 a6 5.a4 b4 6.Bxf6 exf6 7.a5 d6 8.Nbd2 Bb7
9.Nc4 Nd7 10.c3 f5 11.g3 Be7 12.Bg2 Rc8 13.O-O O-O 14.Rc1 g6 15.cxb4 cxb4
16.Nd4 Ne5 17.Nb6 Rc5 18.Nc6 Bxc6 19.dxc6 Qc7 20.Nd5 Qa7 21.c7 Bg5 22.Rxc5 dxc5
23.h4  1-0

[Event "9th Open"]
[Site "Dubai UAE"]
[Date "2007.04.24"]
[Round "3"]
[White "Ehlvest,J"]
[Black "Roghani,A"]
[Result "1/2-1/2"]
[WhiteElo "2640"]
[BlackElo "2375"]

1.c4 e6 2.g3 d5 3.Bg2 dxc4 4.Qa4+ c6 5.Qxc4 b5 6.Qc2 Bb7 7.Nc3 a6 8.b3 Nf6
9.Bb2 Nbd7 10.Nf3 Rc8 11.O-O Be7 12.d3 O-O 13.Rfd1 Qb6 14.e3 Rfd8 15.Rac1 h6
16.a3 c5 17.Qe2 Nd5 18.Ne4 N5f6 19.Ned2 Nb8 20.Rc2 Nd5 21.Rdc1 Nd7 22.e4 N5f6
23.h3 Nb8 24.Qe3 Nfd7 25.d4 cxd4 26.Bxd4 Qd6 27.Rxc8 Rxc8 28.Rxc8+ Bxc8 29.Qc3 Qc6
30.Bxg7 Qxc3 31.Bxc3 Bxa3 32.Nd4 Bc5 33.Kf1 b4 34.Ba1 a5 35.Bf3 Nb6 36.Bd1 Bd7
37.N4f3 Bb5+ 38.Be2 Bxe2+ 39.Kxe2 Nc6 40.g4 Kh7 41.Ne5 Nxe5 42.Bxe5 a4 43.bxa4 Nxa4
44.Nb3 Kg6 45.f3 Be7 46.Bd4  1/2-1/2

[Event "9th Open"]
[Site "Dubai UAE"]
[Date "2007.04.25"]
[Round "4"]
[White "Toufighi,H"]
[Black "Ehlvest,J"]
[Result "1/2-1/2"]
[WhiteElo "2365"]
[BlackElo "2640"]

1.e4 g6 2.d4 Bg7 3.Nf3 d6 4.Nc3 Nd7 5.Bc4 e6 6.Bg5 Ne7 7.Qd2 h6 8.Be3 a6
9.a4 b6 10.O-O Bb7 11.Rad1 g5 12.Ne1 Nf6 13.Bd3 Ng4 14.Qe2 Nxe3 15.fxe3 O-O
16.e5 Qe8 17.exd6 cxd6 18.Ne4 Bxe4 19.Bxe4 d5 20.Bd3 Qxa4 21.h4 f5 22.hxg5 hxg5
23.g4 e5 24.Bxf5 Nxf5 25.gxf5 exd4 26.exd4 Bxd4+ 27.Kh1 Bf6 28.Ng2 Rae8 29.Qd3 Kg7
30.Qxd5 Rd8 31.Qb7+ Rf7 32.Qxb6 Rxd1 33.Rxd1 Qxc2 34.Qd6 a5 35.Qd5 Re7 36.Qf3 a4
37.Nf4 gxf4 38.Rg1+ Kf8 39.Qa8+ Re8 40.Rg8+ Kxg8 41.Qxe8+ Kg7 42.Qg6+ Kh8
43.Qxf6+ Kg8 44.Qg6+ Kf8 45.Qf6+ Ke8 46.Qe5+  1/2-1/2

[Event "9th Open"]
[Site "Dubai UAE"]
[Date "2007.04.28"]
[Round "7"]
[White "Ehlvest,J"]
[Black "Girinath,P"]
[Result "0-1"]
[WhiteElo "2640"]
[BlackElo "2378"]

1.Nf3 f5 2.g3 Nf6 3.Bg2 g6 4.O-O Bg7 5.c4 O-O 6.Nc3 d6 7.d4 Na6 8.Rb1 c6
9.d5 c5 10.b3 Qe8 11.Bb2 h6 12.e3 Bd7 13.Ne1 g5 14.Nd3 Qg6 15.f4 Ng4 16.Re1 Nb4
17.Nxb4 cxb4 18.Na4 b5 19.cxb5 Bxb5 20.Qd2 Bxa4 21.bxa4 Rac8 22.Bxg7 Qxg7
23.Rbc1 Rc3 24.h3 Rxc1 25.Rxc1 Nf6 26.Rc7 gxf4 27.gxf4 Kf7 28.Kh2 Rg8 29.Qf2 a5
30.Ra7 Qg6 31.Rxa5 Qh5 32.Qf3 Qh4 33.Ra7 Rg3 34.Qxg3 Ng4+ 35.Qxg4 fxg4 36.Rc7 gxh3
37.Bxh3 Qf2+ 38.Bg2 Qxa2 39.Kg3 Qe2 40.e4 b3  0-1

[Event "ch-USA"]
[Site "Stillwater USA"]
[Date "2007.05.17"]
[Round "3"]
[White "Ehlvest,J"]
[Black "Perelshteyn,E"]
[Result "1-0"]
[WhiteElo "2640"]
[BlackElo "2531"]

1.d4 Nf6 2.Nf3 g6 3.g3 d5 4.Bg2 Bg7 5.O-O O-O 6.c4 c6 7.b3 Ne4 8.Bb2 dxc4
9.Qc2 Nd6 10.bxc4 Bf5 11.Qc1 Na6 12.Nbd2 c5 13.d5 f6 14.Ne1 e5 15.dxe6 Bxe6
16.Nd3 g5 17.f4 h6 18.fxg5 hxg5 19.Nf2 Qe7 20.Nfe4 Nf5 21.Nb3 Bd7 22.Nc3 Ne3
23.Bxb7 Bh3 24.Bxa8 Nxf1 25.Bf3 Nb4 26.Ne4 g4 27.Bh1 f5 28.Bxg7 Kxg7 29.Qg5+ Kf7
30.Qxf5+ Ke8 31.Qg6+ Kd8 32.Nbxc5 Kc8  1-0

[Event "ch-USA"]
[Site "Stillwater USA"]
[Date "2007.05.18"]
[Round "4"]
[White "Ibragimov,I"]
[Black "Ehlvest,J"]
[Result "1/2-1/2"]
[WhiteElo "2602"]
[BlackElo "2640"]

1.d4 Nf6 2.c4 e6 3.Nf3 b6 4.g3 Bb7 5.Bg2 Be7 6.O-O O-O 7.Re1 c6 8.e4 d5 9.e5 Ne4
10.Be3 Na6 11.Nbd2 c5 12.cxd5 Nxd2 13.Nxd2 Bxd5 14.Ne4 cxd4 15.Bxd4 Nc5 16.Bxc5 bxc5
17.Nc3 Bxg2 18.Kxg2 Qc7 19.Qf3 Rab8 20.Re2 Rfd8 21.Rc1 Rb4 22.Rcc2 Qb8 23.h4 h6
24.Qc6 Rb6 25.Qf3 Rb4 26.Qc6 Rb6 27.Qf3 Rb4  1/2-1/2

[Event "35th World Open"]
[Site "King of Prussia USA"]
[Date "2007.06.01"]
[Round "4"]
[White "Stocek,J"]
[Black "Ehlvest,J"]
[Result "1/2-1/2"]
[WhiteElo "2567"]
[BlackElo "2640"]

1.d4 d5 2.c4 c6 3.Nf3 Nf6 4.Nc3 e6 5.Bg5 dxc4 6.e4 b5 7.a4 Qb6 8.Bxf6 gxf6
9.Be2 Bb7 10.O-O Nd7 11.axb5 cxb5 12.b3 Bb4 13.Na2 a5 14.bxc4 bxc4 15.Bxc4 Bxe4
16.Nxb4 Qxb4 17.Nd2 Bg6 18.d5 e5 19.Ra4 Qb6 20.Be2 O-O 21.Nc4 Qc5 22.h4 Rfc8
23.h5 Be4 24.Bd3 Bxd3 25.Qxd3 Qd4 26.Qe2 Nc5 27.Rd1 Qh4 28.Rxa5 Nb3 29.Rxa8 Rxa8
30.Nb6 Rd8 31.g3 Qh3 32.d6 Qe6 33.Qc4 Nd4  1/2-1/2

[Event "35th World Open"]
[Site "King of Prussia USA"]
[Date "2007.06.03"]
[Round "7"]
[White "Ehlvest,J"]
[Black "Kunte,A"]
[Result "1/2-1/2"]
[WhiteElo "2640"]
[BlackElo "2527"]

1.e4 e5 2.Nf3 Nc6 3.Bc4 Nf6 4.d3 Bc5 5.c3 a6 6.Bb3 Ba7 7.O-O d6 8.Be3 O-O
9.Nbd2 h6 10.a4 Be6 11.Bc2 Ne7 12.Bxa7 Rxa7 13.d4 Ng6 14.a5 Ra8 15.Re1 Re8
16.Nf1 Nh7 17.Ne3 Ng5 18.g3 Qf6 19.Nxg5 Qxg5 20.Kh1 Rad8 21.Qf3 c6 22.h4 Qe7
23.Rad1 Nf8 24.Ba4 exd4 25.cxd4 d5 26.e5 Qb4 27.Bc2 c5 28.Nf5 Bxf5 29.Bxf5 Qxa5
30.dxc5 Qxc5 31.Kg2 d4 32.Rc1 Qa5 33.Bd3 Rxe5 34.Rxe5 Qxe5 35.Qxb7 a5 36.Rc7 Qd5+
37.Qxd5 Rxd5 38.Kf3 g6 39.Rxf7 Kxf7 40.Bc4 Kf6 41.Bxd5 Ke5 42.Bb3 Nd7 43.Bc2 g5
44.hxg5  1/2-1/2

[Event "National Open"]
[Site "Las Vegas USA"]
[Date "2007.06.09"]
[Round "4"]
[White "Enhbat,T"]
[Black "Ehlvest,J"]
[Result "0-1"]
[WhiteElo "2379"]
[BlackElo "2640"]

1.d4 Nf6 2.Nf3 c5 3.d5 g6 4.Nc3 Bg7 5.e4 O-O 6.Be2 b5 7.e5 Ng4 8.Bf4 b4 9.Ne4 d6
10.exd6 exd6 11.Rb1 Nf6 12.Nxf6+ Qxf6 13.Bg3 Nd7 14.O-O Nb6 15.Nd2 Re8 16.Bb5 Re7
17.Bc6 Rb8 18.a4 Bb7 19.c4 Bxc6 20.dxc6 Rbe8 21.Nf3 Rc7 22.Re1 Rxe1+ 23.Qxe1 Qe6
24.Ng5 Qxe1+ 25.Rxe1 Nxc4 26.Re8+ Bf8 27.Ne4 Rxc6 28.Nf6+ Kg7 29.Nd7 Nxb2
30.Nxf8 c4 31.Nd7 c3  0-1

[Event "National Open"]
[Site "Las Vegas USA"]
[Date "2007.06.10"]
[Round "5"]
[White "Ehlvest,J"]
[Black "Stein,Alan"]
[Result "1/2-1/2"]
[WhiteElo "2640"]
[BlackElo "2412"]

1.d4 Nf6 2.Nf3 e6 3.c4 c5 4.e3 d5 5.cxd5 exd5 6.Bb5+ Bd7 7.Bxd7+ Nbxd7 8.O-O Bd6
9.dxc5 Nxc5 10.b3 O-O 11.Bb2 Rc8 12.Nc3 Re8 13.Rc1 a6 14.Rc2 Rc7 15.Ne2 Nce4
16.Ned4 Rxc2 17.Qxc2 Qd7 18.h3 Rc8 19.Qd3 Bb4 20.Ne2 Qd8 21.Rd1 Qa5 22.a4 Bf8
23.Nf4 Rd8 24.Qc2 h6 25.Rc1 Bd6 26.Nd3 Re8 27.Nd4 Qd8 28.Nf5 Bb8 29.Qd1 Kh7
30.Nc5 g6 31.Nxe4 Nxe4 32.Nd4 Be5 33.Qe2 Qf6 34.Rc2 Qb6 35.Qd1 Bg7 36.Qc1 Be5
37.Nf3 Bxb2 38.Qxb2 Re7 39.Rc8 Qf6 40.Qa3 a5 41.Qc1 Re6 42.Qe1 Rc6 43.Rxc6 Qxc6
44.Qd1 Kg8 45.Ne5 Qd6 46.Qd4 Qc5 47.Qb2 h5 48.Nd3 Qc6 49.h4 b5 50.axb5 Qxb5
51.Qc2 Qb8 52.Nf4 Qe5 53.g3  1/2-1/2

[Event "Campeonato Continental Absolut"]
[Site "Cali COL"]
[Date "2007.07.10"]
[Round "1"]
[White "Ehlvest,J"]
[Black "Renteria,J"]
[Result "1-0"]
[WhiteElo "2640"]
[BlackElo "2252"]

1.d4 Nf6 2.Nf3 c5 3.e3 e6 4.Bd3 b6 5.O-O Bb7 6.b3 Be7 7.Bb2 d6 8.c4 O-O 9.Nc3 a6
10.d5 e5 11.Nd2 Nbd7 12.f4 b5 13.Qc2 exf4 14.exf4 b4 15.Nd1 Re8 16.Nf2 Bf8
17.Nf3 g6 18.g4 Re3 19.Ng5 Bg7 20.Qd2 Re8 21.Nf3 Qe7 22.g5 Nh5 23.Bxg7 Nxg7
24.Ng4 f5 25.gxf6 Nxf6 26.Nh6+ Kh8 27.Ng5 Rf8 28.Rae1 Qd7 29.f5 gxf5 30.Nxf5 Nxf5
31.Rxf5 Qg7 32.Kh1 Bc8 33.Rf3 Bg4 34.Rg3 Qd7 35.Qg2 Qg7 36.Rxg4 Nxg4 37.Qxg4 h6
38.Qh5  1-0

[Event "Campeonato Continental Absolut"]
[Site "Cali COL"]
[Date "2007.07.11"]
[Round "2"]
[White "Iturrizaga,E"]
[Black "Ehlvest,J"]
[Result "0-1"]
[WhiteElo "2411"]
[BlackElo "2629"]

1.d4 Nf6 2.Nf3 e6 3.Bg5 h6 4.Bh4 d6 5.e3 Nbd7 6.c4 g5 7.Bg3 Nh5 8.Nc3 Bg7
9.Bd3 a6 10.a4 Qe7 11.a5 Ndf6 12.Qc2 Bd7 13.d5 O-O 14.O-O Nxg3 15.hxg3 c6
16.dxe6 Bxe6 17.Nd4 Rac8 18.Na4 Nd7 19.Nxc6 Rxc6 20.Qb3 Rc7 21.Rfd1 g4 22.Be2 h5
23.Nb6 Nc5 24.Qc2 f5 25.Ra3 Be5 26.b4 Ne4 27.Bd3 Nxg3 28.fxg3 Bxg3 29.Kf1 f4
30.Ke2 fxe3 31.Bh7+ Qxh7 32.Qxh7+ Kxh7 33.Rxe3 Rf2+ 34.Kd3 Rxg2 35.Rxe6 Rf7
36.Nd5 Rf3+  0-1

[Event "Campeonato Continental Absolut"]
[Site "Cali COL"]
[Date "2007.07.15"]
[Round "6"]
[White "Lima,Da"]
[Black "Ehlvest,J"]
[Result "1-0"]
[WhiteElo "2463"]
[BlackElo "2629"]

1.d4 Nf6 2.c4 e6 3.g3 Bb4+ 4.Bd2 Be7 5.Bg2 d5 6.Nf3 O-O 7.O-O c6 8.Qb3 Nbd7
9.Nc3 Nb6 10.c5 Nc4 11.Bf4 b6 12.Na4 Nd7 13.Qc2 bxc5 14.Nxc5 Nxc5 15.dxc5 Bf6
16.Nd2 e5 17.Nxc4 exf4 18.Nd6 fxg3 19.hxg3 Be6 20.e4 Rb8 21.exd5 Rxb2 22.Qd1 cxd5
23.Bxd5 Qd7 24.Rc1 Rb4 25.Bxe6 fxe6 26.Ne4 Bd4 27.c6 Qd5 28.c7 Rc8 29.Qe2 Bb6
30.Ng5 Rxc7 31.Rxc7 Bxc7 32.Qh5 Qf5 33.Qe8+ Qf8 34.Qxe6+ Kh8 35.Nf7+ Kg8
36.Ng5+ Kh8 37.Rc1 Rb6 38.Nf7+ Kg8 39.Nd6+ Kh8 40.Rxc7  1-0

[Event "Campeonato Continental Absolut"]
[Site "Cali COL"]
[Date "2007.07.17"]
[Round "8"]
[White "Mekhitarian,K"]
[Black "Ehlvest,J"]
[Result "1/2-1/2"]
[WhiteElo "2420"]
[BlackElo "2629"]

1.d4 Nf6 2.c4 e6 3.Nf3 d5 4.Nc3 c6 5.Bg5 h6 6.Bh4 dxc4 7.e4 g5 8.Bg3 b5 9.Be2 Bb7
10.O-O Nbd7 11.Ne5 h5 12.Nxd7 Qxd7 13.Be5 Rh6 14.Qc1 Ng4 15.Bxg4 hxg4 16.Qxg5 Rg6
17.Qe3 f6 18.Bg3 Kf7 19.Rad1 Rd8 20.a3 a5 21.Qe1 Ba6 22.Ne2 b4 23.Nf4 Rg5
24.axb4 axb4 25.e5 c3 26.d5 cxd5 27.Rxd5 Qxd5 28.Nxd5 Rxd5 29.bxc3 Bxf1 30.Kxf1 b3
31.Qb1 Rb5 32.Qd3 Rd5 33.Qb1 Rb5 34.Qd3  1/2-1/2

[Event "Campeonato Continental Absolut"]
[Site "Cali COL"]
[Date "2007.07.18"]
[Round "9"]
[White "Ehlvest,J"]
[Black "Alzate,D"]
[Result "1-0"]
[WhiteElo "2629"]
[BlackElo "2392"]

1.d4 Nf6 2.Nf3 e6 3.c4 d5 4.Nc3 dxc4 5.e3 c5 6.Bxc4 a6 7.Bd3 Nc6 8.O-O cxd4
9.exd4 Be7 10.Bg5 O-O 11.Qd2 Nd5 12.Be3 Bd7 13.Rac1 Rc8 14.Rfd1 Ncb4 15.Bb1 Nxe3
16.fxe3 Qb6 17.e4 Rcd8 18.Kh1 Bc8 19.Qe2 Rfe8 20.a3 Nc6 21.d5 Na7 22.e5 exd5
23.Nxd5 Rxd5 24.Rxd5 Be6 25.Rdd1 Nc6 26.h3 g6 27.Be4 Bf8 28.Qd2 Bb3 29.Re1 Nxe5
30.Bxb7 Nc4 31.Qd7 Rxe1+ 32.Rxe1 Nd6 33.Ba8 Qf2 34.Qc7 Nf5 35.Qb8 Be6 36.Kh2 Kg7
37.Qe5+ f6 38.Re2 Qa7 39.Qxe6 Qb8+ 40.Ne5 fxe5 41.Be4 Nd4 42.Qd7+ Kh6 43.Rf2  1-0

[Event "Campeonato Continental Absolut"]
[Site "Cali COL"]
[Date "2007.07.20"]
[Round "11"]
[White "Ehlvest,J"]
[Black "Vescovi,G"]
[Result "1/2-1/2"]
[WhiteElo "2629"]
[BlackElo "2609"]

1.e4 e5 2.Nf3 Nc6 3.Bb5 a6 4.Ba4 Nf6 5.O-O Be7 6.Re1 b5 7.Bb3 O-O 8.h3 d6
9.a3 Na5 10.Ba2 c5 11.d3 Nc6 12.Nc3 Be6 13.Nd5 Bxd5 14.exd5 Nd4 15.Nxd4 cxd4
16.c3 dxc3 17.bxc3 Nd7 18.a4 Qc7 19.Bb2 Nc5 20.Bb3 Rfc8 21.Bc2 Nd7 22.Bb3 Nc5
23.Bc2 Nd7 24.Bb3 Qb7 25.a5 Rc7 26.Ra2 Rac8 27.c4 bxc4 28.Bxc4 Nf6 29.Ba3  1/2-1/2

[Event "Liepajas Rokade Super"]
[Site "Liepaja LAT"]
[Date "2007.08.05"]
[Round "12"]
[White "Sveshnikov,E"]
[Black "Ehlvest,J"]
[Result "1/2-1/2"]
[WhiteElo "2504"]
[BlackElo "2629"]

1.e4 e6 2.d4 d5 3.e5 c5 4.c3 Nc6 5.Nf3 Bd7 6.Be2 a6 7.O-O Rc8 8.b3 cxd4 9.cxd4 Qb6
10.Bb2 Nge7 11.Nc3 Na5 12.Rc1  1/2-1/2

[Event "ch-Marshall CC"]
[Site "New York USA"]
[Date "2007.12.08"]
[Round "3"]
[White "Kudrin,S"]
[Black "Ehlvest,J"]
[Result "1/2-1/2"]
[WhiteElo "2563"]
[BlackElo "2601"]

1.e4 c5 2.Nf3 e6 3.d4 cxd4 4.Nxd4 a6 5.Nc3 Qc7 6.g3 Nf6 7.Bg2 d6 8.O-O Be7
9.Be3 Nc6 10.Nxc6 bxc6 11.Na4 Rb8 12.c4 c5 13.b3 Bb7 14.Nc3 O-O 15.f4 Bc6
16.Bf3 Qb7 17.Qd3 Bd8 18.Bd2 Ba5 19.Rfe1 Rfd8 20.Rad1 Bb4 21.Re3 h6 22.Be1 Rd7
23.Qe2  1/2-1/2

[Event "Marshall NY Int"]
[Site "New York USA"]
[Date "2008.06.22"]
[Round "3"]
[White "Ehlvest,J"]
[Black "Liu,E"]
[Result "1-0"]
[WhiteElo "2603"]
[BlackElo "2252"]

1.d4 Nf6 2.Nf3 g6 3.Bg5 Bg7 4.e3 O-O 5.Be2 d6 6.c4 c5 7.Nc3 h6 8.Bh4 g5 9.Bg3 Nh5
10.d5 f5 11.Nd2 Nxg3 12.hxg3 Nd7 13.Qc2 Nf6 14.f4 e6 15.fxg5 hxg5 16.dxe6 Bxe6
17.O-O-O a6 18.g4 Qd7 19.Rdf1 fxg4 20.Bd3 Kf7 21.Nde4 Ke7 22.Nxg5 Kd8 23.Bf5 Bxf5
24.Rxf5 Kc7 25.Rd1 b6 26.Kb1 Rae8 27.e4 Qc6 28.Rdf1 Kb7 29.a4 Nd7 30.Nd5 Rxf5
31.exf5 Nf6 32.Ne6 Bh8 33.Qd1 b5 34.axb5 axb5 35.Qb3 b4 36.Rh1 Nxd5 37.cxd5 Qd7
38.Qc4 Rc8 39.Rh6 Ra8 40.Qe4 Qa4 41.Nxc5+  1-0

[Event "2nd NJ Futurity Int"]
[Site "New Jersey USA"]
[Date "2008.07.07"]
[Round "1"]
[White "Ehlvest,J"]
[Black "Palatnik,S"]
[Result "1-0"]
[WhiteElo "2603"]
[BlackElo "2472"]

1.d4 d5 2.c4 e6 3.Nc3 c5 4.cxd5 exd5 5.Nf3 Nc6 6.Bf4 Nf6 7.e3 Be7 8.dxc5 Bxc5
9.Bb5 O-O 10.O-O Be6 11.Rc1 Be7 12.Nd4 Nxd4 13.Qxd4 Qa5 14.Qa4 Qb6 15.Be5 Rfc8
16.Bd4 Qd6 17.Be2 a6 18.Bf3 b5 19.Qd1 Rd8 20.Qe2 Rac8 21.Rfd1 Qb8 22.g3 Rc4
23.b3 Rcc8 24.Bxf6 Bxf6 25.Nxd5 Bxd5 26.Rxc8 Rxc8 27.Bxd5 g6 28.Qf3 Qb6 29.h4 h5
30.Qf4 Rc7 31.Bxf7+ Rxf7 32.Rd6 Bd8 33.Qe5 Qa5 34.b4 Qxa2 35.Rxd8+ Rf8 36.Rxf8+ Kxf8
37.Qf6+ Ke8 38.Qxg6+ Ke7 39.Qg5+ Kd7 40.Qg7+ Kc6 41.Qf6+ Kb7 42.Qe7+ Kb6
43.Qc5+ Kb7 44.Kg2 Qc4 45.Qxc4 bxc4 46.Kf1 Kc6 47.g4 hxg4 48.h5 Kb5  1-0

[Event "2nd NJ Futurity Int"]
[Site "New Jersey USA"]
[Date "2008.07.10"]
[Round "6"]
[White "Ehlvest,J"]
[Black "Scekic,M"]
[Result "1/2-1/2"]
[WhiteElo "2603"]
[BlackElo "2371"]

1.d4 c5 2.d5 Nf6 3.c4 b5 4.cxb5 a6 5.bxa6 Bxa6 6.Nc3 d6 7.g3 g6 8.Bg2 Bg7
9.Nf3 O-O 10.O-O Nbd7 11.Rb1 Nb6 12.b3 Bb7 13.e4 Ba6 14.Re1 Ng4 15.Ne2 Nd7
16.Bb2 Bxe2 17.Rxe2 Rxa2 18.Bxg7 Rxe2 19.Qxe2  1/2-1/2